| 000 | 00544nam a2200205Ia 4500 | ||
|---|---|---|---|
| 003 | ARRUPE | ||
| 005 | 20150818181925.0 | ||
| 008 | 130227s9999 xx 000 0 und d | ||
| 040 | _cARRUPELIB | ||
| 050 | _aBT102.T9 1974 | ||
| 100 |
_aTyrrell, Bernard _918689 |
||
| 245 | _aBernard Lonergan's philosophy of God | ||
| 260 | _aNotre Dame Indiana | ||
| 260 | _bUniversity of Notre Dame Press | ||
| 300 | _axiv | ||
| 300 | _b 202p. 23cm. | ||
| 650 |
_bPolitical science _918690 |
||
| 650 |
_cState, The _918691 |
||
| 942 |
_2lcc _cMONOGRAPH |
||
| 999 |
_c1293 _d1293 |
||